000 00422nam a2200133Ia 4500
005 20260328101523.0
008 260328s9999||||xx |||||||||||||| ||und||
100 _aHarvard University
245 0 _aGSD Plataform 2 :
_b A year of Research Through studio Work, theses, exhibitions and conferences /
_cHarvard University
260 _bHarvard University Press
300 _a352 p.
650 _aARQUITECTURA CIVIL
942 _cBK
999 _c9657
_d9657